Transplante de riñón (Record no. 99807)

MARC details
000 -LEADER
campo de control de longitud fija 00734nam a2200193 i 4500
001 - NÚMERO DE CONTROL
campo de control 99807
003 - IDENTIFICADOR DE NÚMERO DE CONTROL
campo de control ES-MaACL
005 - FECHA Y HORA DE LA ÚLTIMA TRANSACCIÓN
campo de control 20230906182546.0
007 - CAMPO FIJO DE DESCRIPCIÓN FÍSICA--INFORMACIÓN GENERAL
campo de control de longitud fija t|
008 - DATOS DE LONGITUD FIJA--INFORMACIÓN GENERAL
campo de control de longitud fija 050919s1966 sp ||||1| spa d
100 1# - ENTRADA PRINCIPAL--NOMBRE DE PERSONA
Nombre de persona Martínez García, Juan.
9 (RLIN) 78105
245 10 - MENCIÓN DEL TÍTULO
Título Transplante de riñón
Resto del título : Discurso de ingreso, constención del Sr. D. Ramón Sánchez Parra /
Mención de responsabilidad, etc. Juan Martínez García; palabras de clausura Román Alberca Lorente.
260 ## - PUBLICACIÓN, DISTRIBUCIÓN, ETC.
Lugar de publicación, distribución, etc. Murcia :
Nombre del editor, distribuidor, etc. Academia de Medicina y Cirugía,
Fecha de publicación, distribución, etc. 1966.
300 ## - DESCRIPCIÓN FÍSICA
Extensión 86 p., 5 lám. ;
Dimensiones 23 cm.
700 1# - ENTRADA AGREGADA--NOMBRE PERSONAL
Nombre de persona Ramón Sánchez, Parra.
9 (RLIN) 95224
700 1# - ENTRADA AGREGADA--NOMBRE PERSONAL
Nombre de persona Alberca Lorente, Román.
9 (RLIN) 19266
710 2# - ENTRADA AGREGADA--NOMBRE DE ENTIDAD CORPORATIVA
Nombre de entidad corporativa o nombre de jurisdicción como elemento de entrada Academia de Medidina y Cirugía (Murcia)
9 (RLIN) 1189
852 ## - LOCALIZACIÓN
Ubicación ES-MaACL
Número de control de estantería C-29580
Sublocalización o colección R.60022
Holdings
Estatus retirado Estado de pérdida Estado de daño No para préstamo Biblioteca de origen Biblioteca actual Ubicación en estantería Fecha de adquisición Fuente de adquisición Total de préstamos Signatura topográfica completa Código de barras Visto por última vez Precio de reemplazo Tipo de ítem Koha
        Biblioteca del Ateneo de Madrid Biblioteca del Ateneo de Madrid Depósito 2 17/01/2008     C-29580 1104214 23/02/2023 23/02/2023 Libro impreso